LEADER 01102nam 2200385 450 001 990000462540203316 035 $a0046254 035 $aUSA010046254 035 $a(ALEPH)000046254USA01 035 $a0046254 100 $a20010522d1983----km-y0itay0103----ba 101 $aita 102 $aIT 105 $a||||||||001yy 200 1 $a<> guerre possibili$el'incubo dell'olocausto nucleare$fNigel Calder 210 $aRoma$cEditori Riuniti$d1983 215 $a211 p.$d21 cm 225 2 $aPolitica$v22 312 $aNuclear nightmares 410 $12001$aPolitica 454 $12001$aNuclear nightmares$931530 461 1$1001-------$12001 676 $a321.7 700 1$aCALDER,$bNigel$045521 801 0$aIT$bsalbc$gISBD 912 $a990000462540203316 951 $a327.1 CAL A$b19208$c327.1$d00107199 951 $a327.1 CAL B$b19209$c327.1$d00107200 959 $aBK 969 $aSCI 979 $aPATTY$b90$c20010522$lUSA01$h1616 979 $c20020403$lUSA01$h1654 979 $aPATRY$b90$c20040406$lUSA01$h1632 996 $aNuclear nightmares$931530 997 $aUNISA LEADER 00974cam0-2200313---450- 001 990004065430403321 005 20161011151735.0 010 $a2-85399-089-3 035 $a000406543 035 $aFED01000406543 035 $a(Aleph)000406543FED01 035 $a000406543 100 $a19990604d1984----km-y0itay50------ba 101 0 $afre 102 $aFR 105 $a--------001yy 200 1 $aThéâtre et société au Cinquecento$eles rapports sociaux dans la comedie italienne de la fin du XV siècle au premier tiers du XVI$fGeorges Ulysse 210 $aAix en Provence$cUniversité de Provence$d1984 215 $a2 v.$d24 cm 610 0 $aTeatro italiano$aSec. 16 676 $a852.409$v22$zita 700 1$aUlysse,$bGeorges$0156464 801 0$aIT$bUNINA$gRICA$2UNIMARC 901 $aBK 912 $a990004065430403321 952 $a852.409 ULY 1(1)$bBibl.25354$fFLFBC 952 $a852.409 ULY 1(1)$bBibl.25354$fFLFBC 959 $aFLFBC 997 $aUNINA LEADER 01542nam 2200421 450 001 9910798768303321 005 20230807212927.0 010 $a2-335-16803-7 035 $a(CKB)3710000000853747 035 $a(EBL)4679045 035 $a(MiAaPQ)EBC4679045 035 $a(Au-PeEL)EBL4679045 035 $a(CaPaEBR)ebr11265849 035 $a(OCoLC)958563560 035 $a(EXLCZ)993710000000853747 100 $a20200122d2015 uy 1 101 0 $afre 135 $aur|n|---||||| 181 $ctxt$2rdacontent 182 $cc$2rdamedia 183 $acr$2rdacarrier 200 10$a''Parmi le thym et la rose?e'' $echez les bergers de Cuscio? (en Corse) /$fJ.-B. Natali 210 1$a[Place of publication not identified] :$cLigaran,$d[2015] 210 4$d©2015 215 $a1 online resource (160 p.) 225 0 $aLibre nume?rique 300 $aDescription based upon print version of record. 327 $aPage de titre; Prologue ou? l'auteur explique pourquoi il se retira chez les bergers; Premie?re partie; I; II; III; IV; V; VI; VII; VIII; IX; X; XI; XII; XIII; E?glogue; Deuxie?me Partie; I; II; III; IV; V; VI; VII; VIII; IX; X; XI; E?glogue; Troisie?me Partie; I; II; III; IV; V; VI; VII; VIII; Page de Copyright 607 $aCorsica (France)$vFiction 676 $a823.914 700 $aNatali$b J.-B$01582218 801 0$bMiAaPQ 801 1$bMiAaPQ 801 2$bMiAaPQ 906 $aBOOK 912 $a9910798768303321 996 $a'Parmi le thym et la rose?e'$93864410 997 $aUNINA